Business and travel times (Record no. 22755)

MARC details
000 -LEADER
fixed length control field 00522nam a22001457a 4500
005 - DATE AND TIME OF LATEST TRANSACTION
control field 20090131145547.0
008 - FIXED-LENGTH DATA ELEMENTS--GENERAL INFORMATION
fixed length control field 090131c xxu||||| |||| 00| 0 eng d
245 ## - TITLE STATEMENT
Title Business and travel times
260 ## - PUBLICATION, DISTRIBUTION, ETC. (IMPRINT)
Place of publication, distribution, etc Chennai
Name of publisher, distributor, etc Gopali and company
Date of publication, distribution, etc 2008-
300 ## - PHYSICAL DESCRIPTION
Extent v.
Dimensions 24 cm
310 ## - CURRENT PUBLICATION FREQUENCY
Current publication frequency monthly
270 ## - ADDRESS
Address No 38 (Old No .2 ) T Nagar,
City Chennai
Postal code 600017
Telephone number 044-24330979
Fax number 044-24332413
Electronic mail address moterindia@rediffmail.com
942 ## - ADDED ENTRY ELEMENTS (KOHA)
Source of classification or shelving scheme Dewey Decimal Classification
Item type Periodicals
Serial record 1
Holdings
Withdrawn status Lost status Source of classification or shelving scheme Damaged status Not for loan Collection code Home library Current library Date acquired Total Checkouts Date last seen Price effective from Koha item type
    Dewey Decimal Classification   Not For Loan Non-fiction D.B.Act.Division D.B.Act.Division 31/01/2009   31/01/2009 31/01/2009 Periodicals

© Delhi Public Library
Hit Counter
free hit counter